Patagonizar la politica del pais: un imperativo para el cambio de estructuras /
Guardado en:
| Autor Principal: | |
|---|---|
| Formato: | Libro |
| Publicado: |
Cordoba :
Pugliese Siena,
1991
|
| Materias: | |
| Etiquetas: |
Agregar Etiqueta
Sin Etiquetas, Sea el primero en etiquetar este registro!
|
| LEADER | 00590nam a22001815a 4500 | ||
|---|---|---|---|
| 001 | EHU.bham025017 | ||
| 003 | AR-BHAM | ||
| 005 | 20130508104824.0 | ||
| 008 | 130507s1991##################000#0#####d | ||
| 082 | 9 | 8 | |a 982.7 |
| 100 | 1 | |a Garzon, Rafael | |
| 245 | 1 | 0 | |a Patagonizar la politica del pais: un imperativo para el cambio de estructuras / |c Rafael Garzon |
| 260 | |a Cordoba : |b Pugliese Siena, |c 1991 | ||
| 300 | |a 208 p. | ||
| 653 | |a Patagonia | ||
| 653 | |a Historia argentina-patagonia | ||
| 653 | |a Politica argentina contemporanea | ||
| 859 | |a AR-BHAM |b BIB. HUMANIDADES - General |h 982.7 |i G199 |p 757.02 |t Ej.1 | ||
